000 00679aam a2200265 4500
005 20250723165831.0
008 150818b2002 xxu||||| |||| 00| 0 spa d
020 _a8434217694
041 _aESP
082 _a615.82 E92m5
100 _aEvans, Mark
_918682
245 _aMasaje: técnicas sencillas de relajación para aliviar el estrés
250 _a5 edición
260 _aEspaña
260 _bParramon
260 _c2002
300 _a64 páginas
300 _bFotografías a color
490 _aTemática General
650 _aMASAJE TERAPÉUTICO
650 _aTÉCNICAS DE RELAJACIÓN
650 _aESTRÉS
650 _aAUTOMASAJE
942 _cBK
_2ddc
999 _c581
_d581